00561 2200217 4500001002100000005001500021035002000036008004100056245009100097100002100188250000600209260003300215300001100248084001400259082000800273650001400281990001200295990001200307990001200319990001200331INLIS00000000000043020240430015222 a0010-0424000406240430 0 ind 1 aEnsiklopedia Matematika Volume 3; Aljabar Geometri dan Trigonometri /cPatricia Barnes aBarnes, Patricia a1 aBandung :bPakar Raya,c2014 a96 hlm a510 PAT e a510 4aNon Fiksi a0722524 a0722525 a0722526 a0722527